[Event "FSGM July"]
[Site "Budapest HUN"]
[Date "2002.07.11"]
[Round "6"]
[White "Toth,An1"]
[Black "Sedlak,N"]
[Result "1/2-1/2"]
[WhiteElo "2401"]
[BlackElo "2468"]

1.e4 c5 2.Nf3 d6 3.d4 cxd4 4.Nxd4 Nf6 5.Nc3 Nc6 6.Bg5 Bd7 7.Qd2 Rc8 8.f4 h6
9.Bxf6 gxf6 10.Nb3 f5 11.Bd3 fxe4 12.Nxe4 Bg7 13.c3 Qb6 14.Qf2 Qxf2+ 15.Kxf2 O-O
16.Rhe1 Rb8 17.a4 Rfc8 18.Rad1 a6 19.Ng3 b5 20.axb5 axb5 21.Nf5 Bxf5 22.Bxf5 e6
23.Bh3 b4 24.c4 Ne7 25.Rxd6 Rxc4 26.Rdxe6 Rxf4+ 27.Kg3 fxe6 28.Kxf4 Rf8+
29.Ke4 Bxb2 30.Bxe6+ Kg7 31.Re2 Bc3 32.Kd3 Ng6 33.g3 Ne5+ 34.Kc2 Rf6 35.Bd5 Rd6
36.Bb7 Rb6 37.Bd5 Rb5 38.Be4 Nc4 39.Kd3 Nb2+ 40.Kc2 Bf6 41.Rf2 Nc4 42.Bd3 Na3+
43.Kd2 Bc3+ 44.Ke3 Re5+ 45.Kf4 Nb5 46.Re2 Rxe2  1/2-1/2

[Event "17th North Sea Cup"]
[Site "Esbjerg DEN"]
[Date "2002.07.11"]
[Round "7"]
[White "Stefansson,H"]
[Black "Galliamova,A"]
[Result "1-0"]
[WhiteElo "2588"]
[BlackElo "2505"]

1.e4 c5 2.Nf3 Nc6 3.d4 cxd4 4.Nxd4 Nf6 5.Nc3 d6 6.Bg5 e6 7.Qd2 a6 8.O-O-O Bd7
9.f4 b5 10.Bxf6 gxf6 11.Kb1 h5 12.Nxc6 Bxc6 13.Qe1 b4 14.Nd5 a5 15.f5 Bxd5
16.Rxd5 Qc7 17.Rb5 e5 18.Qd1 Qc6 19.Rd5 Ke7 20.Bb5 Qc7 21.Qe2 Bh6 22.Rhd1 Rad8
23.Ba4 h4 24.Qa6 Be3 25.Rxa5 Rb8 26.Rb5 Rxb5 27.Qxb5 Rb8 28.Qe2 Bf4 29.g3 hxg3
30.hxg3 Bxg3 31.Bb3 Qc5 32.Bxf7 Kxf7 33.Qh5+ Ke7 34.Qh7+ Kd8 35.Qg8+ Kc7
36.Qxg3 Rc8 37.Qb3 Rh8 38.Qf7+ Kc6 39.Qxf6 Qd4 40.Rc1 Ra8 41.Qe7 Qxe4 42.Rd1 d5
43.f6 Rh8 44.b3 Rh1 45.Rxh1 Qxh1+ 46.Kb2 Qe4 47.Qa7 Qe1 48.Qa8+ Kd6 49.a4 Qc3+
50.Kb1 Ke6 51.f7 Kxf7 52.Qxd5+ Kf6 53.a5 Qe1+ 54.Ka2 Qc1 55.Qc6+ Kf5 56.a6 Kf4
57.Qh6+  1-0

[Event "XX Open"]
[Site "Andorra la Vella AND"]
[Date "2002.07.12"]
[Round "7"]
[White "Gonzalez de la Torre,S"]
[Black "Avrukh,B"]
[Result "0-1"]
[WhiteElo "2420"]
[BlackElo "2582"]

1.e4 c5 2.Nf3 Nc6 3.d4 cxd4 4.Nxd4 Nf6 5.Nc3 d6 6.Bg5 e6 7.Qd2 Qb6 8.Nb3 a6
9.O-O-O Be7 10.f3 O-O 11.g4 Qc7 12.Be3 b5 13.g5 Nd7 14.h4 Nce5 15.Qf2 b4
16.Na4 Rb8 17.Nd4 Qa5 18.b3 Nc5 19.Nxc5 dxc5 20.Ne2 Qxa2 21.Nf4 c4  0-1

[Event "Open"]
[Site "Oberwart AUT"]
[Date "2002.07.12"]
[Round "8"]
[White "Sandhu,M"]
[Black "Kiss,At"]
[Result "1-0"]
[WhiteElo "2320"]
[BlackElo "2399"]

1.e4 c5 2.Nf3 d6 3.d4 Nf6 4.Nc3 cxd4 5.Nxd4 Nc6 6.Bg5 e6 7.Bc4 Be7 8.Qd2 a6
9.O-O-O Qc7 10.Bb3 Bd7 11.Rhe1 O-O-O 12.f3 Kb8 13.Be3 Na5 14.Qf2 Rc8 15.Kb1 Bd8
16.Rd3 b5 17.Red1 Nb7 18.Nde2 Bc6 19.a4 b4 20.Na2 a5 21.c3 Nc5 22.Bxc5 dxc5
23.Qxc5 Be7 24.Qe3 Bb7 25.Nd4 Bc5 26.Qd2 Ba6 27.Nb5 Qb6 28.e5 Ne8 29.cxb4 axb4
30.Nxb4 Bxb5 31.axb5 Qxb5 32.Na2 Nc7 33.Bc2 Ka7 34.Rb3 Qa6 35.Bd3 Qa4 36.Qc2 Be7
37.Rb7+ Kxb7 38.Qxa4  1-0

[Event "FSGM July"]
[Site "Budapest HUN"]
[Date "2002.07.13"]
[Round "8"]
[White "Rajlich,V"]
[Black "Sedlak,N"]
[Result "0-1"]
[WhiteElo "2338"]
[BlackElo "2468"]

1.e4 c5 2.Nf3 d6 3.d4 cxd4 4.Nxd4 Nf6 5.Nc3 Nc6 6.Bg5 Bd7 7.Be2 Qa5 8.Bxf6 gxf6
9.O-O Nxd4 10.Qxd4 Rc8 11.Nd5 Qc5 12.Qd3 Qxc2 13.Qe3 Bh6 14.Qxh6 Qxe2 15.Qg7 Rf8
16.Rac1 Rxc1 17.Rxc1 Bc6 18.Nc7+ Kd7 19.Qxf8 Qxe4 20.Qg8 Kxc7 21.h4 Qg6 22.Qxg6 fxg6
23.f4 h5 24.Kf2 d5 25.Ke3 Kd6 26.Rf1 Bd7 27.g3 Bf5 28.Rc1 a5 29.b3 e5 30.fxe5+ fxe5
31.a3 d4+ 32.Kd2 e4 33.b4 axb4 34.Rc4 Kd5 35.Rxb4 e3+ 36.Ke2 Ke4 37.a4 Bg4+
38.Ke1 Kd5 39.Rb5+ Kc4 40.Re5 d3 41.Rxe3 Kc3 42.Kf2 Kc2 43.Re7 d2 44.Rc7+ Kd3  0-1

[Event "XX Open"]
[Site "Andorra la Vella AND"]
[Date "2002.07.14"]
[Round "9"]
[White "Handke,F"]
[Black "Baches Garcia,G"]
[Result "1-0"]
[WhiteElo "2471"]
[BlackElo "2368"]

1.e4 c5 2.Nf3 d6 3.d4 cxd4 4.Nxd4 Nf6 5.Nc3 Nc6 6.Bg5 e6 7.Qd2 h6 8.Bxf6 gxf6
9.O-O-O a6 10.f4 Bd7 11.Kb1 Qb6 12.Nb3 O-O-O 13.Be2 h5 14.Rhf1 Be7 15.Bf3 h4
16.Rfe1 Kb8 17.Re3 Ka7 18.Rd3 Na5 19.Nd5 Nc4 20.Nxb6 Nxd2+ 21.Nxd2 Kxb6 22.Nc4+ Kc7
23.Nxd6 Bb5 24.Nxf7 Rxd3 25.Nxh8 Rxd1+ 26.Bxd1 Bf1 27.Ng6 Bd8 28.Bf3 h3 29.gxh3 Bxh3
30.b4 Kc8 31.c4 a5 32.a3 Kd7 33.Kb2 Ke8 34.Bh5 Kd7 35.Kc3 axb4+ 36.axb4 Bc7
37.Kd4 b6 38.Be2 Ke8 39.Ke3 Kf7 40.Nh4 f5 41.Nf3 Kf6 42.e5+ Ke7 43.Ne1 Kd7
44.Kf2  1-0

[Event "FSGM July"]
[Site "Budapest HUN"]
[Date "2002.07.15"]
[Round "10"]
[White "Toth,An1"]
[Black "Thorfinnsson,Br"]
[Result "1-0"]
[WhiteElo "2401"]
[BlackElo "2362"]

1.e4 c5 2.Nf3 d6 3.d4 cxd4 4.Nxd4 Nf6 5.Nc3 Nc6 6.Bg5 e6 7.Qd2 a6 8.O-O-O h6
9.Be3 Qc7 10.f3 Rb8 11.g4 Ne5 12.Kb1 b5 13.Bd3 Nfd7 14.h4 Nb6 15.g5 h5 16.f4 Nec4
17.Bxc4 Nxc4 18.Qd3 b4 19.Nce2 e5 20.Nf3 Bg4 21.Bc1 g6 22.b3 d5 23.exd5 Na3+
24.Bxa3 Bf5 25.d6 Qc5 26.d7+ Kd8 27.Qd2 bxa3 28.Nxe5 Bg7 29.Nxf7+ Kc7 30.Qd6+ Qxd6
31.Rxd6 Rhd8 32.Nxd8 Kxd6 33.Rd1+  1-0

[Event "Dutch Open"]
[Site "Dieren NED"]
[Date "2002.07.15"]
[Round "6"]
[White "Dambacher,M"]
[Black "Van der Weide,K"]
[Result "1/2-1/2"]
[WhiteElo "2297"]
[BlackElo "2403"]

1.e4 c5 2.Nf3 Nc6 3.d4 cxd4 4.Nxd4 Nf6 5.Nc3 d6 6.Bg5 e6 7.Qd2 Be7 8.O-O-O O-O
9.Nb3 a6 10.Bxf6 gxf6 11.Qh6 Kh8 12.Qh5 Qe8 13.f4 Rg8 14.g4 b5 15.Bd3 Rg7
16.h4 b4 17.Ne2 a5 18.g5 a4 19.Nd2 b3 20.cxb3 Nb4 21.Bb1 axb3 22.Nxb3 Nxa2+
23.Bxa2 Rxa2 24.Nc3 Ra6 25.Rhg1 Qg8 26.Rg4 Bb7 27.Rg3 Rb6 28.Nd4 Qa8 29.Qe2 Qa1+
30.Kd2 Rxb2+ 31.Nc2 Qa5 32.Rgg1 d5 33.exd5 Bxd5 34.Rb1 Bb4 35.Qe3 Bc5 36.Qd3 Rxc2+
37.Kxc2 Bxg1 38.Rxg1 Qc5 39.Rb1 Rg8 40.Rb5 Qf2+ 41.Qd2 Qxd2+ 42.Kxd2 Bc4
43.Rb4 Rd8+ 44.Ke1 Bd3 45.gxf6 h5 46.Rb7 Kg8 47.Kf2 Bg6 48.Ne2 Rd2 49.Rb3 Kh7
50.Ke3 Ra2 51.Nd4 Ra4 52.Rb7 Kh6 53.Rc7 Ra5 54.Nf3 Rf5 55.Ne5 Rxf6 56.Kf3 Kg7
57.Ke3 Bb1 58.Rb7 Ba2 59.Ra7 Bd5 60.Rc7 Rf5 61.Rd7 Rf6 62.Rc7 Bg2 63.Rc1 Bh3
64.Ra1 Bf5 65.Rg1+ Bg6 66.Ra1 Rf5 67.Ra7 Kf6 68.Nd7+ Kg7 69.Ne5 Bh7 70.Rc7 Bg8
71.Ra7 Rf6 72.Rc7 Rh6 73.Kf3 Rh7 74.Ke4 Kh6 75.Rc8 Rg7 76.Rf8 Bh7+ 77.Kd4 Bg6
78.Nd7 Bc2 79.Nf6 Rg2 80.Rh8+ Kg7 81.Rg8+ Kxf6 82.Rxg2 Bd1 83.Rg5 Bf3 84.Kc5 Ke7
85.Kb6 Kd6 86.Rg3 Be4 87.Rg1 f6 88.Kb5 e5 89.Kc4 Ke6 90.fxe5 Kxe5 91.Kc3  1/2-1/2

[Event "Dutch Open"]
[Site "Dieren NED"]
[Date "2002.07.15"]
[Round "6"]
[White "Geirnaert,S"]
[Black "Van der Poel,H"]
[Result "0-1"]
[WhiteElo "2160"]
[BlackElo "2305"]

1.e4 c5 2.Nf3 d6 3.d4 cxd4 4.Nxd4 Nf6 5.Nc3 Nc6 6.Bg5 e6 7.Qd2 a6 8.O-O-O h6
9.Bf4 Bd7 10.Nxc6 Bxc6 11.f3 d5 12.exd5 Nxd5 13.Bc4 Nxf4 14.Qxf4 Qg5 15.Qxg5 hxg5
16.h3 Bb4 17.Ne4 Bxe4 18.fxe4 Rh4 19.Bd3 Bd6 20.c3 Ke7 21.Be2 Rxe4 22.Bf3 Ra4
23.a3 Rb8 24.Rd3 Rc4 25.Kc2 Be5 26.Rhd1 Rc7 27.Re1 f6 28.Rde3 b5 29.Re4 a5
30.Kb3 Rc5 31.R4e3 Rd8 32.Rd1 Rxd1 33.Bxd1 f5 34.Bf3 Bd6 35.a4 e5 36.axb5 Rxb5+
37.Kc2 e4 38.Be2 Rb8 39.Bf1 Kf6 40.Re1 Ke5 41.Bc4 Rc8 42.Bb3 Rc5 43.Rf1 f4
44.Bf7 g4 45.hxg4 Kf6 46.Be8 Kg5 47.Re1 f3 48.gxf3 exf3 49.Bd7 f2 50.Rf1 Bg3
51.Bf5 Re5 52.Bd3 Re1 53.b4 axb4 54.cxb4 Kxg4 55.Bc4 Kh3  0-1

[Event "Open Aegean Ch"]
[Site "Ikaros GRE"]
[Date "2002.07.16"]
[Round "4"]
[White "Pavlovic,SD"]
[Black "Borriss,M"]
[Result "0-1"]
[WhiteElo "2354"]
[BlackElo "2439"]

1.e4 c5 2.Nf3 d6 3.d4 cxd4 4.Nxd4 Nf6 5.Nc3 Nc6 6.Bg5 e6 7.Qd2 a6 8.O-O-O h6
9.Nxc6 bxc6 10.Bf4 d5 11.Qe3 Be7 12.Be2 O-O 13.Qg3 Kh8 14.Bc7 Qd7 15.Be5 Qa7
16.exd5 exd5 17.Qf4 Ng4 18.Qd4 Nxe5 19.Qxe5 Bg5+ 20.Kb1 Be6 21.Rhf1 Rab8
22.Qd4 Qe7 23.Qa4 Rb4 24.Qa5 Rfb8 25.Na4 Bf6 26.b3 Bf5 27.Bd3 Qe5 28.c3 Rxa4  0-1

[Event "KB Czech Open"]
[Site "Pardubice CZE"]
[Date "2002.07.19"]
[Round "1"]
[White "Maes,W"]
[Black "Gutman,G"]
[Result "0-1"]
[WhiteElo "2270"]
[BlackElo "2518"]

1.e4 c5 2.Nf3 d6 3.d4 cxd4 4.Nxd4 Nf6 5.Nc3 Nc6 6.Bg5 e6 7.Qd2 h6 8.Be3 Ng4
9.Nxc6 bxc6 10.Bf4 e5 11.Bg3 Be6 12.Be2 Nf6 13.f4 exf4 14.Bxf4 Ng4 15.O-O-O Ne5
16.Rhg1 Qa5 17.Kb1 Rb8 18.g4 Be7 19.b3 Qb4 20.Rg3 a5 21.Qd4 O-O 22.g5 Qxd4
23.Rxd4 hxg5 24.Bxg5 Bxg5 25.Rxg5 Rfd8 26.h4 g6 27.Rg3 f6 28.Kc1 Kf7 29.Rd1 Ke7
30.h5 g5 31.Rdg1 Rh8 32.Nd1 a4 33.Nf2 Ra8 34.Kb2 a3+ 35.Kc1 c5 36.Nd3 Nc6
37.Nf2 Nd4 38.Bd1 c4 39.Kb1 cxb3 40.cxb3 Rac8 41.Rh1 Rc7 42.Bg4 Rc2 43.Nd1 Rhc8
44.Ne3 Rb2+ 45.Ka1 Rcc2  0-1

[Event "Macedonian Open"]
[Site "Struga MKD"]
[Date "2002.07.20"]
[Round "1"]
[White "Stevchev,V"]
[Black "Vuckovic,Bo"]
[Result "0-1"]
[WhiteElo "2182"]
[BlackElo "2472"]

1.e4 c5 2.Nf3 d6 3.d4 cxd4 4.Nxd4 Nf6 5.Nc3 Nc6 6.Bg5 e6 7.Qd2 a6 8.O-O-O Bd7
9.f3 h6 10.Be3 b5 11.Bd3 Ne5 12.g4 b4 13.Nce2 d5 14.g5 hxg5 15.Bxg5 dxe4
16.Bxe4 Nxe4 17.fxe4 Nc4 18.Bxd8 Nxd2 19.Rxd2 Rxd8 20.Nf3 Be7 21.Rhd1 Bc6
22.Rxd8+ Bxd8 23.Ng3 Bc7 24.Rd4 g5 25.Rxb4 g4 26.Nd4 Rxh2 27.Nxe6 Bxg3 28.e5 Rh1+  0-1

[Event "24th Politiken Cup"]
[Site "Copenhagen DEN"]
[Date "2002.07.21"]
[Round "7"]
[White "Tidman,S"]
[Black "Holm,S"]
[Result "0-1"]
[WhiteElo "2139"]
[BlackElo "2321"]

1.e4 c5 2.Nf3 Nc6 3.d4 cxd4 4.Nxd4 Nf6 5.Nc3 d6 6.Bg5 e6 7.Qd2 a6 8.O-O-O h6
9.Be3 Be7 10.f4 Qc7 11.Be2 Nxd4 12.Bxd4 e5 13.Be3 b5 14.fxe5 dxe5 15.Nd5 Nxd5
16.exd5 Qd6 17.g4 Bd7 18.Rhg1 O-O-O 19.Kb1 Kb8 20.c4 bxc4 21.Bxc4 Rc8 22.Rc1 Rc7
23.Qa5 Bg5 24.Rg3 Rhc8 25.Bxg5 hxg5 26.Rb3+ Ka7 27.Rbc3 Qb6 28.Qa3 Rc5 29.b4 a5
30.b5 Bxb5 31.Bxb5 Qxb5+ 32.Ka1 Rxc3 33.Rxc3 Qf1+ 34.Kb2 Qe2+ 35.Kb1 Qd1+
36.Rc1 Rxc1+  0-1

[Event "TCh-POL Jun"]
[Site "Laczna POL"]
[Date "2002.07.21"]
[Round "9"]
[White "Tomczak,J"]
[Black "Czarnota,P"]
[Result "0-1"]
[WhiteElo "2142"]
[BlackElo "2288"]

1.e4 c5 2.Nf3 Nc6 3.d4 cxd4 4.Nxd4 Nf6 5.Nc3 d6 6.Bg5 e6 7.Qd2 a6 8.O-O-O Bd7
9.f4 b5 10.Bxf6 gxf6 11.Nxc6 Bxc6 12.Qe1 b4 13.Nd5 a5 14.Bd3 Bg7 15.f5 Bxd5
16.exd5 e5 17.Bb5+ Ke7 18.Bc6 Rb8 19.Qe3 Qb6 20.Qxb6 Rxb6 21.Kb1 h5 22.Rhe1 Bh6
23.Re4 Rbb8 24.Rd3 Rbg8 25.g3 Rg5 26.a3 Rxf5 27.axb4 Rf1+ 28.Ka2 f5 29.Rh4 e4
30.Rd4 Bg7 31.Rc4 Rb8 32.b5 e3 33.Rce4+ fxe4 34.Rxe4+ Be5 35.Rxe3 f5 36.Rb3 Bd4
37.Ra3 h4 38.Rxa5 hxg3 39.hxg3 Bc5 40.g4 f4  0-1

[Event "KB Czech Open"]
[Site "Pardubice CZE"]
[Date "2002.07.21"]
[Round "3"]
[White "Klovans,J"]
[Black "Gutman,G"]
[Result "1/2-1/2"]
[WhiteElo "2431"]
[BlackElo "2518"]

1.e4 c5 2.Nf3 d6 3.d4 cxd4 4.Nxd4 Nf6 5.Nc3 Nc6 6.Bg5 e6 7.Qd2 h6 8.Bxf6 gxf6
9.O-O-O a6 10.f4 Bd7 11.Kb1 Qb6 12.Nb3 O-O-O 13.Be2 h5 14.h4 Kb8 15.Bf3 Na5
16.Qe2 Nxb3 17.axb3 Bb5 18.Nxb5 Qxb5 19.Qxb5 axb5 20.b4 Kc7 21.c3 Bh6 22.Bxh5 Bxf4
23.Bxf7 Kd7 24.Rdf1 Be5 25.h5 Ke7 26.Bg6 Kf8 27.Kc2 Kg7 28.Ra1 Ra8 29.Kb3 b6
30.Raf1 Ra7 31.g4 Rha8 32.Rf2 Kh6 33.Rff1 Kg5 34.Rfg1 Bf4 35.Rg2 Be5  1/2-1/2

[Event "TCh-POL Jun"]
[Site "Laczna POL"]
[Date "2002.07.23"]
[Round "11"]
[White "Owczarzak,J"]
[Black "Zawadzki,S"]
[Result "1/2-1/2"]
[WhiteElo "2294"]
[BlackElo "2416"]

1.e4 c5 2.Nf3 d6 3.d4 cxd4 4.Nxd4 Nf6 5.Nc3 Nc6 6.Bg5 e6 7.Qd2 a6 8.O-O-O h6
9.Be3 Be7 10.f4 Bd7 11.Be2 Qc7 12.g4 b5 13.g5 hxg5 14.fxg5 Nh5 15.Nxc6 Qxc6
16.Qd4 Qc5 17.Qd2 Qe5 18.Bxh5 Rxh5 19.h4 b4 20.Ne2 Bc6 21.Qxb4 Bxe4 22.Bf4 Qf5
23.Rhf1 Rc8 24.c3 a5 25.Qb6 Rxh4 26.Ng3 Qg6 27.Nxe4 Qxe4 28.Qb5+ Qc6 29.Qxc6+ Rxc6
30.Be3 Rcc4 31.Rh1 Rcg4 32.Rxh4 Rxh4 33.Rg1 g6 34.Kc2 Rh2+ 35.Bd2 d5 36.Kc1 e5
37.Rg4 Rh5 38.c4 dxc4 39.Re4 Bxg5 40.Rxe5+ Be7 41.Re4 Rh1+ 42.Kc2 Rh2 43.Kc1 Rh1+
44.Kc2 f5 45.Rxc4  1/2-1/2

[Event "Capital of Siberia Open"]
[Site "Novosibirsk RUS"]
[Date "2002.07.23"]
[Round "5"]
[White "Kirillova,V"]
[Black "Ubiennykh,E"]
[Result "0-1"]
[WhiteElo "2109"]
[BlackElo "2225"]

1.e4 c5 2.Nc3 d6 3.Nge2 Nc6 4.d4 cxd4 5.Nxd4 Nf6 6.Bg5 e6 7.Qd2 Be7 8.O-O-O a6
9.Kb1 Qc7 10.Bxf6 gxf6 11.f4 Bd7 12.f5 Ne5 13.Be2 O-O-O 14.Rhf1 Kb8 15.Qh6 b5
16.a3 Rc8 17.fxe6 fxe6 18.Qg7 Qd8 19.Qh6 Nc4 20.Bxc4 Rxc4 21.Rf3 Qb6 22.Nb3 a5
23.e5 fxe5 24.Rf7 Re8 25.Qxh7 Qd8 26.Rxd6 Bxd6 27.Rxd7 Qb6 28.Nxa5 Rc7 29.Qf7 Re7
30.Rd8+ Rc8 31.Rxc8+ Kxc8 32.Qg8+ Kd7 33.Nb3 b4 34.Ne4 bxa3 35.Nf6+ Kc7 36.Ne8+ Kc6
37.Nxd6 Kxd6 38.bxa3 e4 39.Qg6 Qe3 40.a4 Qe1+ 41.Kb2 Rc7 42.Qf6 e3 43.Qd4+ Ke7
44.Qg7+  0-1

[Event "Lasker Mem Open"]
[Site "Barlinek POL"]
[Date "2002.07.25"]
[Round "7"]
[White "Szczechowicz,B"]
[Black "Shishkin,Va"]
[Result "0-1"]
[WhiteElo "2289"]
[BlackElo "2396"]

1.e4 c5 2.Nf3 Nc6 3.d4 cxd4 4.Nxd4 Nf6 5.Nc3 d6 6.Bg5 e6 7.Qd2 a6 8.O-O-O Bd7
9.f4 b5 10.Bxf6 gxf6 11.Nxc6 Bxc6 12.Qe1 Be7 13.Bd3 Qb6 14.Kb1 b4 15.Ne2 a5
16.f5 e5 17.Bc4 Bxe4 18.Bd5 Bxd5 19.Rxd5 Rc8 20.Qd2 Rg8 21.Ng3 Rg4 22.Nf1 Re4
23.Rd3 d5 24.Rxd5 Bc5 25.Ng3 Rd4 26.Rxd4 Bxd4 27.Ne4 Ke7 28.Re1 Qc6 29.Qe2 Qc4
30.Qd2 Qc6 31.Qd3 a4 32.g4 Qc4 33.Qxc4 Rxc4 34.b3 Rc8 35.bxa4 Rc4 36.Nd2 Rc3
37.Nb3 Bf2 38.Rd1 Rc4 39.h3 h5 40.Nd2 Rf4 41.Nb3 hxg4 42.hxg4 Rxg4 43.a5 e4
44.Rd2 Rg1+ 45.Kb2 Be1 46.Rd1 e3 47.Nc5 Bc3+ 48.Kc1 Bd2+ 49.Kb2 Rxd1 50.a6 Bc3+
51.Kb3 Rd8  0-1

[Event "Macedonian Open"]
[Site "Struga MKD"]
[Date "2002.07.25"]
[Round "6"]
[White "Ermenkov,E"]
[Black "Vuckovic,Bo"]
[Result "0-1"]
[WhiteElo "2471"]
[BlackElo "2472"]

1.e4 c5 2.Nf3 d6 3.d4 cxd4 4.Nxd4 Nf6 5.Nc3 Nc6 6.Bg5 e6 7.Qd2 a6 8.O-O-O Qb6
9.Nb3 Bd7 10.Kb1 Qc7 11.f4 b5 12.g3 b4 13.Bxf6 gxf6 14.Ne2 a5 15.Nbd4 Rb8
16.Bg2 Be7 17.Nxc6 Bxc6 18.Nd4 Ba8 19.Rhe1 O-O 20.Re3 Kh8 21.g4 Rg8 22.Rg3 Qc5
23.f5 e5 24.Nb3 Qb6 25.Qh6 a4 26.Nc1 Rbc8 27.Rh3 Rg7 28.g5 Qf2 29.gxf6 Qxc2+
30.Ka1 Bxf6 31.Bf3 Bg5  0-1

[Event "Macedonian Open"]
[Site "Struga MKD"]
[Date "2002.07.26"]
[Round "7"]
[White "Stanojoski,Z"]
[Black "Vuckovic,Bo"]
[Result "1-0"]
[WhiteElo "2479"]
[BlackElo "2472"]

1.e4 c5 2.Nf3 d6 3.d4 cxd4 4.Nxd4 Nf6 5.Nc3 Nc6 6.Bg5 e6 7.Qd2 a6 8.O-O-O Bd7
9.f4 b5 10.Bxf6 gxf6 11.f5 Nxd4 12.Qxd4 Bh6+ 13.Kb1 Bf4 14.fxe6 fxe6 15.Ne2 Be5
16.Qd3 Qb6 17.g3 Rc8 18.Nf4 Qc5 19.Qd2 Ke7 20.Nd3 Qc7 21.Nxe5 dxe5 22.Bd3 Qc5
23.Rhf1 Rcg8 24.Qa5 Ra8 25.Rf3 Rhc8 26.Qd2 Rf8 27.Be2 Be8 28.Rc3 Qb6 29.Rd3 Kf7
30.Rd6 Qc5 31.Bg4 Kg7 32.Bxe6 Ra7 33.g4 Bg6 34.b4  1-0

[Event "Macedonian Open"]
[Site "Struga MKD"]
[Date "2002.07.27"]
[Round "8"]
[White "Vuckovic,Bo"]
[Black "Dancevski,O"]
[Result "1-0"]
[WhiteElo "2472"]
[BlackElo "2426"]

1.e4 c5 2.Nf3 d6 3.d4 Nf6 4.Nc3 cxd4 5.Nxd4 Nc6 6.Bg5 e6 7.Qd2 a6 8.O-O-O h6
9.Nxc6 bxc6 10.Bf4 d5 11.Qe3 Qa5 12.exd5 cxd5 13.Be2 Be7 14.Rhe1 Bb7 15.Qg3 Rg8
16.Bd6 Rc8 17.Bxe7 Kxe7 18.Bf1 Rgd8 19.Qe3 Kf8 20.Kb1 Bc6 21.a3 Bb5 22.Bxb5 axb5
23.Na2 Rc4 24.Nb4 Ra8 25.f3 Kg8 26.Rd4 Ne8 27.Rxc4 bxc4 28.c3 Nd6 29.Qe5 Nb5
30.Nc2 d4 31.Nxd4 Nxc3+ 32.bxc3 Qxa3 33.Nc2 Qb3+ 34.Kc1 Ra2 35.Qe4 Qxc3 36.Kd1 Qb3
37.Re2 Ra1+ 38.Kd2 c3+ 39.Ke3 Rd1 40.Kf2 Qb8 41.Ne3 Rh1 42.Ra2 f5 43.Ra8 fxe4
44.Rxb8+ Kf7 45.fxe4 Rxh2 46.Rc8 Rh5 47.Rxc3 Ra5 48.Kf3 Ra2 49.Kf4 Kf6 50.e5+ Kf7
51.Rc7+ Kf8 52.Ke4 Ra4+ 53.Nc4 Ra2 54.Kf3 Ra4 55.Nd6 Ra3+ 56.Ke4 Rg3 57.Rf7+ Kg8
58.Re7 Rxg2 59.Rxe6 h5 60.Kf3 Rg5 61.Re8+ Kh7 62.e6 Kg6 63.e7 Re5 64.Nc8  1-0

[Event "6th Open"]
[Site "Korinthos GRE"]
[Date "2002.07.28"]
[Round "6"]
[White "Perunovic,Mio"]
[Black "Petraki,M"]
[Result "1-0"]
[WhiteElo "2334"]
[BlackElo "2100"]

1.e4 c5 2.Nf3 d6 3.d4 cxd4 4.Nxd4 Nf6 5.Nc3 Nc6 6.Bg5 Qa5 7.Bxf6 gxf6 8.Be2 Bg7
9.O-O Nxd4 10.Qxd4 Qc5 11.Bb5+ Kf8 12.Qd3 a6 13.Ba4 f5 14.Rae1 Rg8 15.Nd5 Be6
16.c4 Rc8 17.Bb3 fxe4 18.Qxe4 Bxb2 19.Nf4 Be5 20.Nxe6+ fxe6 21.Kh1 Qc6 22.f4 Qxe4
23.Rxe4 Bf6 24.Rxe6 Rc5 25.Re4 Ke8 26.Bd1 Kd7 27.h3 Rg3 28.Bf3 b5 29.cxb5 axb5
30.Kh2 Rg8 31.Bg4+ Kc6 32.Be6 Rd8 33.Re2 h5 34.g4 hxg4 35.hxg4 Rc3 36.g5 Bd4
37.Kg2 Rh8 38.Bg4 e5 39.Bf3+ Kc5 40.f5 d5 41.f6 e4 42.Bxe4 dxe4 43.f7 Bg7
44.Rxe4 Rc2+ 45.Kg3 Rxa2 46.Rf5+ Kc6 47.Re6+ Kd7 48.Rg6 Bf8 49.Rd5+ Ke7 50.Re5+ Kxf7
51.Rf6+ Kg8 52.Re8 Rhh2 53.Rfxf8+ Kg7 54.Rg8+ Kf7 55.Ref8+ Ke7 56.Rf3 Rhg2+
57.Kh4 Rh2+ 58.Kg4 Rhg2+ 59.Kh5 Rh2+ 60.Kg6 Ra6+ 61.Rf6  1-0

[Event "2nd Summer Open"]
[Site "Savaria HUN"]
[Date "2002.07.28"]
[Round "4"]
[White "Rigo,Z"]
[Black "Magyar,A"]
[Result "1-0"]
[WhiteElo "2368"]
[BlackElo "2159"]

1.e4 c5 2.Nf3 Nc6 3.d4 cxd4 4.Nxd4 Nf6 5.Nc3 d6 6.Bg5 e6 7.Qd2 a6 8.O-O-O h6
9.Be3 Bd7 10.f4 b5 11.Bd3 Qc7 12.Rhe1 Na5 13.e5 b4 14.Ne4 Nxe4 15.Bxe4 d5
16.Bf3 Nc4 17.Qe2 Bb5 18.f5 Qa5 19.Nxb5 axb5 20.fxe6 fxe6 21.Bxd5 exd5 22.Qh5+ Kd8
23.Rxd5+ Bd6 24.exd6 Qxa2 25.Bg5+ Kc8 26.Qg4+ Kb8 27.Rxb5+ Ka7 28.Qd7+  1-0

[Event "6th Open"]
[Site "Korinthos GRE"]
[Date "2002.07.29"]
[Round "7"]
[White "Lekic,D"]
[Black "Moshina,C"]
[Result "1-0"]
[WhiteElo "2410"]
[BlackElo "2271"]

1.e4 c5 2.Nf3 d6 3.d4 cxd4 4.Nxd4 Nf6 5.Nc3 Nc6 6.Bg5 e6 7.Qd2 a6 8.O-O-O h6
9.Be3 Nxd4 10.Bxd4 Be7 11.f4 b5 12.Kb1 Rb8 13.Bd3 b4 14.Ne2 Bb7 15.Ng3 O-O
16.e5 Nd5 17.Ne4 dxe5 18.fxe5 Qa5 19.Rhf1 Bg5 20.Nxg5 Nc3+ 21.bxc3 bxc3 22.Qxc3 Bxg2+
23.Kc1 Qxc3 24.Bxc3 Bxf1 25.Rxf1 hxg5 26.Rg1 Rfc8 27.Kd2 Rc5 28.Rxg5 Rb1
29.Bxa6 f6 30.Rg2 fxe5 31.Re2 Rh1 32.Bd3  1-0

[Event "7th Open"]
[Site "Creon FRA"]
[Date "2002.07.30"]
[Round "3"]
[White "Mullon,J"]
[Black "Moldovan,D"]
[Result "1/2-1/2"]
[WhiteElo "2318"]
[BlackElo "2459"]

1.e4 c5 2.Nf3 d6 3.d4 cxd4 4.Nxd4 Nf6 5.Nc3 Nc6 6.Bg5 e6 7.Qd2 a6 8.O-O-O Bd7
9.f3 Qc7 10.g4 h5 11.gxh5 Rxh5 12.h4 O-O-O 13.Kb1 Be7 14.Nxc6 Bxc6 15.Bh3 Kb8
16.Ne2 Rdh8 17.Nf4 R5h7 18.Rhg1 Ne8 19.Bg4 Bxg5 20.hxg5 g6 21.Qc3 Rh2 22.a3 e5
23.Ng2 Qe7 24.Ne3 Ng7 25.Qd3 Rd8  1/2-1/2

[Event "2nd Summer Open"]
[Site "Savaria HUN"]
[Date "2002.07.30"]
[Round "6"]
[White "Nemeth,Mi"]
[Black "Magyar,A"]
[Result "1/2-1/2"]
[WhiteElo "2337"]
[BlackElo "2159"]

1.e4 c5 2.Nf3 Nc6 3.d4 cxd4 4.Nxd4 Nf6 5.Nc3 d6 6.Bg5 e6 7.Qd2 a6 8.O-O-O h6
9.Be3 Bd7 10.f3 b5 11.Nxc6 Bxc6 12.Ne2 Qc7 13.Nd4 Bb7 14.Kb1 Rc8 15.Bd3 Nd7
16.Rhe1 Ne5 17.Bg1 Nc4 18.Bxc4 Qxc4 19.Nb3 Ba8 20.Bd4 b4  1/2-1/2

[Event "2nd Summer Open"]
[Site "Savaria HUN"]
[Date "2002.07.31"]
[Round "8"]
[White "Amrein,R"]
[Black "Magyar,A"]
[Result "1-0"]
[WhiteElo "2334"]
[BlackElo "2159"]

1.e4 c5 2.Nf3 Nc6 3.d4 cxd4 4.Nxd4 Nf6 5.Nc3 d6 6.Bg5 e6 7.Qd2 a6 8.O-O-O h6
9.Bf4 Bd7 10.Nxc6 Bxc6 11.f3 d5 12.Qe1 Qa5 13.exd5 Bd7 14.dxe6 Bxe6 15.Nd5 Qxd5
16.Rxd5 Nxd5 17.Be5 Rc8 18.a3 Rc6 19.Bd3 f6 20.Bd4 Kd7 21.g3 b5 22.Qa5 Bd6
23.Rd1 f5 24.Bxg7 Rhc8 25.Qe1 b4 26.axb4 Nxb4 27.Be5 Ba2 28.Bxf5+  1-0

[Event "Open A"]
[Site "Trier GER"]
[Date "2002.07.31"]
[Round "4"]
[White "Gaponenko,I"]
[Black "Boidman,Y"]
[Result "1-0"]
[WhiteElo "2415"]
[BlackElo "2419"]

1.e4 c5 2.Nf3 Nc6 3.d4 cxd4 4.Nxd4 Nf6 5.Nc3 d6 6.Bg5 e6 7.Qd2 a6 8.O-O-O Bd7
9.f3 Be7 10.h4 O-O 11.g4 b5 12.Be3 Nxd4 13.Qxd4 Qa5 14.Kb1 b4 15.Ne2 e5 16.Qb6 Qxb6
17.Bxb6 Rfc8 18.Ng3 g6 19.h5 Bb5 20.Rd2 d5 21.exd5 Rab8 22.Bxb5 axb5 23.d6 Bf8
24.Bc7 Ra8 25.hxg6 hxg6 26.d7 Rxc7 27.d8=Q Rxd8 28.Rxd8 Rc4 29.g5 Nh5 30.Ne4 Kg7
31.Rd5 f5 32.gxf6+ Nxf6 33.Rxe5 Nxe4 34.Rxe4 Rxe4 35.fxe4 Bc5 36.Rd1 g5 37.Rd5 Be3
38.Rxb5 g4 39.Rxb4 g3 40.e5 g2 41.Rg4+  1-0

[Event "7th Open"]
[Site "Creon FRA"]
[Date "2002.08.02"]
[Round "7"]
[White "Mullon,J"]
[Black "Nevednichy,V"]
[Result "0-1"]
[WhiteElo "2318"]
[BlackElo "2537"]

1.e4 c5 2.Nf3 d6 3.d4 cxd4 4.Nxd4 Nf6 5.Nc3 Nc6 6.Bg5 e6 7.Qd2 a6 8.O-O-O Bd7
9.f3 Be7 10.h4 h6 11.Be3 h5 12.Kb1 Ne5 13.Bd3 b5 14.Qf2 Qc7 15.Qg3 g6 16.Bg5 b4
17.Nce2 Rb8 18.Bxa6 Qa7 19.Bd3 Ra8 20.Nb3 Qxa2+ 21.Kc1 O-O 22.Ned4 Rfc8 23.Rhe1 Ba4
24.f4 Bxb3 25.fxe5 dxe5 26.Nxb3 Qxb3 27.Qxe5 Ng4 28.Qd4 e5 29.Qd7 Bxg5+ 30.hxg5 Qa2
31.Kd2 Qxb2 32.Rf1 Rxc2+  0-1

[Event "6th HZ Open"]
[Site "Vlissingen NED"]
[Date "2002.08.04"]
[Round "1"]
[White "Van der Weide,K"]
[Black "Lucas,F"]
[Result "1-0"]
[WhiteElo "2403"]
[BlackElo "2240"]

1.e4 c5 2.Nf3 Nc6 3.d4 cxd4 4.Nxd4 Nf6 5.Nc3 d6 6.Bg5 e6 7.Qd2 a6 8.O-O-O h6
9.Be3 Nxd4 10.Bxd4 b5 11.f3 Qa5 12.Kb1 b4 13.Ne2 e5 14.Bf2 Be6 15.Nc1 Be7
16.Nb3 Qa4 17.g4 Nd7 18.h4 a5 19.Bd3 g6 20.Be3 Nc5 21.Bxc5 dxc5 22.Qe2 Rb8
23.Bc4 Bd7 24.Rd5 Qc6 25.Rxe5 Kf8 26.Qe3 Rc8 27.Qf4 f6 28.Rd1 Qc7 29.Nxc5 Rd8
30.Rxd7 Rxd7 31.Ne6+  1-0

[Event "FSGM August"]
[Site "Budapest HUN"]
[Date "2002.08.05"]
[Round "3"]
[White "Antal,Ge"]
[Black "Bui Vinh"]
[Result "1/2-1/2"]
[WhiteElo "2492"]
[BlackElo "2444"]

1.e4 c5 2.Nf3 Nc6 3.d4 cxd4 4.Nxd4 Nf6 5.Nc3 d6 6.Bg5 e6 7.Qd2 a6 8.O-O-O Bd7
9.f4 b5 10.Bxf6 gxf6 11.Nxc6 Bxc6 12.Qe3 Qe7 13.Bd3 b4 14.Ne2 Qa7 15.Nd4 e5
16.Nf5 Qxe3+ 17.Nxe3 exf4 18.Nf5 Bd7 19.Bc4 Be6 20.Nxd6+ Bxd6 21.Bxe6 Be5
22.Bh3 O-O 23.Rd3 Rfd8 24.Rhd1 Rxd3 25.Rxd3 a5 26.Bf5 h6 27.c3 bxc3 28.bxc3 Ra7
29.Kc2 Rc7 30.Rd8+ Kg7 31.Rc8 Rxc8 32.Bxc8 Kf8 33.c4 Ke7 34.Kb3 Kd6 35.Ka4 Kc7
36.Bg4 Kb6 37.c5+ Kxc5 38.Kxa5 f3 39.gxf3 Bxh2 40.Bh5 f5 41.Bxf7 fxe4 42.fxe4 Kd6
43.Bg6 h5 44.a4 h4 45.Kb5  1/2-1/2